000 00554cam a22002051 4500
001 1223300
003 OSt
005 20151019162621.0
008 730220s1963 nyuae b 000 0 eng
010 _a 63016444
040 _aSEKU
050 0 0 _aN 6250
_b.R46 1963
100 1 _aRice, David Talbot,
_d1903-1972.
245 1 0 _aArt of the Byzantine era.
260 _aNew York,
_bPraeger
_c[1963]
300 _a286 p.
_billus. (part col.) plans.
_c22 cm.
504 _aBibliography: p. 267-268.
650 0 _aArt, Byzantine
_xHistory.
942 _2lcc
_cGEN
999 _c9517
_d9517